[Event "Olympiad-41"]
[Site "Tromsoe"]
[Date "2014.08.14"]
[Round "11.1"]
[White "Agdestein, Simen"]
[Black "Lim, Yee Weng"]
[Result "1-0"]
[WhiteElo "2630"]
[BlackElo "2311"]
[PlyCount "55"]
[EventDate "2014.08.02"]
[EventType "team-swiss"]
[EventRounds "11"]
[EventCountry "NOR"]
[SourceTitle "CBM 162"]
[Source "ChessBase"]
[SourceDate "2014.09.17"]
[SourceVersion "1"]
[SourceVersionDate "2014.09.17"]
[SourceQuality "1"]
[WhiteTeam "Norway"]
[BlackTeam "Malaysia"]
[WhiteTeamCountry "NOR"]
[BlackTeamCountry "MAS"]

1. c4 c6 2. e4 d5 3. exd5 cxd5 4. cxd5 Nf6 5. Qa4+ Nbd7 6. Nc3 g6 7. Nf3 Bg7 8. Bc4 0-0 9. d3 a6 10. Qa3 Nb6 11. Qb3 e6 12. dxe6 Nxc4 13. exf7+ Rxf7 14. dxc4 Ng4 15. 0-0 Rxf3 16. gxf3 Qh4 17. c5+ Kh8 18. Bf4 Ne5 19. Ne2 Bh3 20. Bg3 Qh5 21. Nf4 Nxf3+ 22. Kh1 Qg4 23. Nxh3 Rf8 24. Ng1 Qe4 25. Nxf3 Rxf3 26. Rae1 Qc6 27. Re6 Qb5 28. Qxb5 1-0

[Event "Olympiad-41"]
[Site "Tromsoe"]
[Date "2014.08.05"]
[Round "4.1"]
[White "Juarez Flores, Carlos Armando"]
[Black "Lim, Yee Weng"]
[Result "1-0"]
[WhiteElo "2425"]
[BlackElo "2311"]
[PlyCount "105"]
[EventDate "2014.08.02"]
[EventType "team-swiss"]
[EventRounds "11"]
[EventCountry "NOR"]
[SourceTitle "CBM 162"]
[Source "ChessBase"]
[SourceDate "2014.09.17"]
[SourceVersion "1"]
[SourceVersionDate "2014.09.17"]
[SourceQuality "1"]
[WhiteTeam "Guatemala"]
[BlackTeam "Malaysia"]
[WhiteTeamCountry "GUA"]
[BlackTeamCountry "MAS"]

1. e4 c5 2. Nf3 d6 3. Bb5+ Bd7 4. Bxd7+ Qxd7 5. c4 Nf6 6. Nc3 g6 7. 0-0 Bg7 8. d4 cxd4 9. Nxd4 0-0 10. h3 Rc8 11. b3 d5 12. exd5 Nxd5 13. Nxd5 e6 14. Bh6 exd5 15. Bxg7 Kxg7 16. cxd5 Qxd5 17. Nf3 Qxd1 18. Rfxd1 Nc6 19. Rd7 Rab8 20. Rad1 Re8 21. Nd4 Ne5 22. Rc7 Rec8 23. Rdc1 Nc6 24. Rxc8 Rxc8 25. Nxc6 Kf6 26. Kf1 bxc6 27. Rc5 Ke6 28. Ke2 Kd6 29. Ra5 Ra8 30. Kf3 f6 31. h4 Kc7 32. h5 Kb6 33. Ra4 Rd8 34. Rb4+ Ka6 35. Re4 Rd5 36. hxg6 hxg6 37. Re6 Rf5+ 38. Ke3 Kb5 39. g4 Re5+ 40. Rxe5+ fxe5 41. Ke4 Kb4 42. Kxe5 Ka3 43. f4 Kxa2 44. f5 gxf5 45. gxf5 c5 46. f6 Kxb3 47. f7 c4 48. f8Q c3 49. Qb8+ Ka2 50. Qc7 Kb2 51. Kd4 c2 52. Qc3+ Kb1 53. Qb3+ 1-0

[Event "Kuala Lumpur op 8th"]
[Site "Kuala Lumpur"]
[Date "2011.08.22"]
[Round "6"]
[White "Ju, Wenjun"]
[Black "Lim, Yee Weng"]
[Result "1-0"]
[WhiteElo "2515"]
[BlackElo "2253"]
[PlyCount "67"]
[EventDate "2011.08.18"]
[EventType "swiss"]
[EventRounds "9"]
[EventCountry "MAS"]
[SourceTitle "CBM 144 Extra"]
[Source "ChessBase"]
[SourceDate "2011.10.28"]
[SourceVersion "1"]
[SourceVersionDate "2011.10.28"]
[SourceQuality "1"]

1. Nf3 d5 2. g3 Nf6 3. Bg2 Bf5 4. d3 e6 5. 0-0 Be7 6. c4 c6 7. cxd5 exd5 8. Nd4 Bc8 9. e4 c5 10. Nf5 Bxf5 11. exf5 Nc6 12. Nc3 Qd7 13. g4 d4 14. Ne4 Nxe4 15. Bxe4 g5 16. f4 gxf4 17. Bxf4 Rg8 18. Kh1 Bd6 19. Qf3 Bxf4 20. Qxf4 f6 21. Rac1 Ne5 22. Rxc5 Qe7 23. Rd5 Rd8 24. h3 h5 25. Rxd8+ Kxd8 26. gxh5 Rg5 27. Qh4 Qh7 28. h6 Nf7 29. Bg2 Qxh6 30. Qxd4+ Ke7 31. Qc5+ Kd8 32. Rc1 Rxg2 33. Qd5+ Ke8 34. Rc8+ 1-0

[Event "Kuala Lumpur op 8th"]
[Site "Kuala Lumpur"]
[Date "2011.08.18"]
[Round "2"]
[White "Wan, Yunguo"]
[Black "Lim, Yee Weng"]
[Result "1-0"]
[WhiteElo "2462"]
[BlackElo "2253"]
[PlyCount "51"]
[EventDate "2011.08.18"]
[EventType "swiss"]
[EventRounds "9"]
[EventCountry "MAS"]
[SourceTitle "CBM 144 Extra"]
[Source "ChessBase"]
[SourceDate "2011.10.28"]
[SourceVersion "1"]
[SourceVersionDate "2011.10.28"]
[SourceQuality "1"]

1. e4 c5 2. Nf3 d6 3. d4 cxd4 4. Nxd4 Nf6 5. Nc3 g6 6. Be3 Bg7 7. f3 Nc6 8. Qd2 0-0 9. Bc4 Bd7 10. Bb3 Qa5 11. 0-0-0 Rfc8 12. g4 Ne5 13. Kb1 b5 14. g5 Ne8 15. Nd5 Qd8 16. h4 a5 17. f4 Ng4 18. a3 e6 19. h5 exd5 20. hxg6 hxg6 21. f5 Rc5 22. fxg6 fxg6 23. Nf5 Nxe3 24. Nxe3 Qxg5 25. Nxd5 Qxd2 26. Ne7+ 1-0

[Event "Olympiad-38"]
[Site "Dresden"]
[Date "2008.11.25"]
[Round "11"]
[White "Lorenzana, Wilson Estuardo"]
[Black "Lim, Yee Weng"]
[Result "1-0"]
[WhiteElo "2202"]
[BlackElo "2396"]
[PlyCount "109"]
[EventDate "2008.11.13"]
[EventType "team-swiss"]
[EventRounds "11"]
[EventCountry "GER"]
[SourceTitle "CBM 128"]
[Source "ChessBase"]
[SourceDate "2009.01.28"]
[SourceVersion "1"]
[SourceVersionDate "2009.01.28"]
[SourceQuality "1"]
[WhiteTeam "Guatemala"]
[BlackTeam "Malaysia"]
[WhiteTeamCountry "GUA"]
[BlackTeamCountry "MAS"]

1. e4 c5 2. Nf3 d6 3. d4 cxd4 4. Nxd4 Nf6 5. Nc3 g6 6. Be3 Bg7 7. f3 a6 8. Bc4 b5 9. Bb3 Bb7 10. Qd2 Nbd7 11. 0-0-0 h5 12. h4 Rc8 13. Kb1 Ne5 14. Nde2 Qc7 15. Bd4 Nc4 16. Bxc4 Qxc4 17. b3 Qc6 18. Nd5 e5 19. Nxf6+ Bxf6 20. Bc3 Be7 21. Bb4 Ra8 22. Qc3 Qb6 23. Ba5 Qa7 24. Qd3 Qc5 25. Qc3 Qa7 26. Qd2 Kf8 27. Nc3 Kg7 28. Qe2 Rac8 29. Rd3 b4 30. Nd5 Bxd5 31. Rxd5 Qb7 32. Qd2 Rc3 33. a3 Rhc8 34. Rc1 Bxh4 35. Bxb4 R3c6 36. Rxd6 Bg3 37. Qd5 Bf4 38. Rd7 Qxd7 39. Qxd7 Bxc1 40. Kxc1 Rxc2+ 41. Kd1 Rc1+ 42. Ke2 R8c2+ 43. Bd2 Rg1 44. Kd3 Ra2 45. Qe7 Rd1 46. Qxe5+ f6 47. Qc7+ Kf8 48. Qc3 Ke7 49. Ke3 Rdxd2 50. Qxd2 Rxd2 51. Kxd2 Kd6 52. b4 g5 53. a4 g4 54. fxg4 hxg4 55. g3 1-0

[Event "Olympiad-38"]
[Site "Dresden"]
[Date "2008.11.21"]
[Round "8"]
[White "Mikheev, Stanislav Valerievi"]
[Black "Lim, Yee Weng"]
[Result "1-0"]
[WhiteElo "2329"]
[BlackElo "2396"]
[PlyCount "113"]
[EventDate "2008.11.13"]
[EventType "team-swiss"]
[EventRounds "11"]
[EventCountry "GER"]
[SourceTitle "CBM 128"]
[Source "ChessBase"]
[SourceDate "2009.01.28"]
[SourceVersion "1"]
[SourceVersionDate "2009.01.28"]
[SourceQuality "1"]
[WhiteTeam "IPCA"]
[BlackTeam "Malaysia"]
[BlackTeamCountry "MAS"]

1. e4 c5 2. Nf3 d6 3. Bb5+ Bd7 4. Bxd7+ Qxd7 5. c4 Nf6 6. Nc3 g6 7. d4 cxd4 8. Nxd4 Bg7 9. h3 0-0 10. Be3 Nc6 11. 0-0 Rfc8 12. b3 Qd8 13. Rc1 Nd7 14. Qd2 Qa5 15. Rfd1 a6 16. Nd5 Qxd2 17. Rxd2 Kf8 18. Ne2 Rab8 19. Nb6 Nxb6 20. Bxb6 Bh6 21. f4 g5 22. g3 gxf4 23. gxf4 Ne5 24. Rd5 Ng6 25. Rf1 Rc6 26. Ba7 Re8 27. Rh5 Bg7 28. Nd4 Bxd4+ 29. Bxd4 e5 30. fxe5 dxe5 31. Be3 Kg7 32. Rhf5 f6 33. Rd1 Ree6 34. Rf2 Rcd6 35. Rfd2 Rxd2 36. Rxd2 Kf7 37. Kf2 Ke8 38. a4 Ne7 39. b4 f5 40. Kf3 f4 41. Bf2 Rc6 42. c5 Rc7 43. Rd6 Rc6 44. Rd1 Rc7 45. b5 axb5 46. axb5 Rd7 47. Rxd7 Kxd7 48. Kg4 Ke6 49. Kg5 Ng8 50. c6 bxc6 51. b6 Kd6 52. Bc5+ Kd7 53. Kf5 f3 54. Kxe5 Kc8 55. Ke6 Kb7 56. Kf7 Nh6+ 57. Kg7 1-0

[Event "Olympiad-38"]
[Site "Dresden"]
[Date "2008.11.20"]
[Round "7"]
[White "Lim, Yee Weng"]
[Black "Amin, Bassem"]
[Result "0-1"]
[WhiteElo "2396"]
[BlackElo "2560"]
[PlyCount "94"]
[EventDate "2008.11.13"]
[EventType "team-swiss"]
[EventRounds "11"]
[EventCountry "GER"]
[SourceTitle "CBM 128"]
[Source "ChessBase"]
[SourceDate "2009.01.28"]
[SourceVersion "1"]
[SourceVersionDate "2009.01.28"]
[SourceQuality "1"]
[WhiteTeam "Malaysia"]
[BlackTeam "Egypt"]
[WhiteTeamCountry "MAS"]
[BlackTeamCountry "EGY"]

1. Nf3 Nf6 2. d4 g6 3. Bf4 Bg7 4. Nbd2 0-0 5. e4 d6 6. Be2 Qe8 7. 0-0 Nbd7 8. h3 e5 9. dxe5 dxe5 10. Be3 b6 11. c3 Bb7 12. Qa4 a6 13. Bd3 Nh5 14. Rfe1 Kh8 15. Qc2 Nf4 16. Bf1 Ne6 17. Ng5 f5 18. Nxe6 Qxe6 19. f3 f4 20. Bf2 g5 21. Bc4 Qg6 22. Kf1 h5 23. Ke2 Rad8 24. Rad1 Nf6 25. Nb3 Nxe4 26. Bd3 Ng3+ 27. Bxg3 e4 28. Bxe4 Bxe4 29. fxe4 fxg3 30. Rxd8 Rxd8 31. Nd2 Bh6 32. Rd1 g4 33. hxg4 Rf8 34. Rf1 Qxg4+ 35. Nf3 Re8 36. Re1 h4 37. Kf1 h3 38. Kg1 Rd8 39. e5 Qh5 40. e6 Qc5+ 41. Kh1 Rg8 42. Ne5 Qf2 43. Nf7+ Kg7 44. Qxf2 gxf2 45. Rd1 Kf6 46. g4 Be3 47. g5+ Kxe6 0-1

[Event "Olympiad-38"]
[Site "Dresden"]
[Date "2008.11.19"]
[Round "6"]
[White "Lim, Yee Weng"]
[Black "Lenic, Luka"]
[Result "1/2-1/2"]
[WhiteElo "2396"]
[BlackElo "2569"]
[PlyCount "62"]
[EventDate "2008.11.13"]
[EventType "team-swiss"]
[EventRounds "11"]
[EventCountry "GER"]
[SourceTitle "CBM 128"]
[Source "ChessBase"]
[SourceDate "2009.01.28"]
[SourceVersion "1"]
[SourceVersionDate "2009.01.28"]
[SourceQuality "1"]
[WhiteTeam "Malaysia"]
[BlackTeam "Slovenia"]
[WhiteTeamCountry "MAS"]
[BlackTeamCountry "SLO"]

1. e4 e5 2. Bc4 Nf6 3. d3 Nc6 4. Nc3 Na5 5. Qf3 d6 6. h3 Be7 7. Nge2 c6 8. a4 Nxc4 9. dxc4 Be6 10. b3 0-0 11. 0-0 Qc7 12. Rd1 Rfe8 13. Ng3 Bf8 14. Bg5 Nd7 15. Rd2 f6 16. Be3 g6 17. Rad1 Rad8 18. Nf1 Kg7 19. Qg3 Be7 20. f4 Kh8 21. Nh2 Rg8 22. Kh1 Rdf8 23. Nf3 Qa5 24. fxe5 Nxe5 25. Bd4 Rg7 26. Ne2 a6 27. Bc3 Qc5 28. Bd4 Qa5 29. Bc3 Qc5 30. Bd4 Qa5 31. Bc3 Qc5 1/2-1/2

[Event "Kuala Lumpur op 5th"]
[Site "Kuala Lumpur"]
[Date "2008.08.23"]
[Round "9"]
[White "Lim, Yee Weng"]
[Black "Li, Shilong"]
[Result "1-0"]
[WhiteElo "2367"]
[BlackElo "2511"]
[PlyCount "51"]
[EventDate "2008.08.18"]
[EventType "swiss"]
[EventRounds "11"]
[EventCountry "MAS"]
[SourceTitle "CBM 126 Extra"]
[Source "ChessBase"]
[SourceDate "2008.11.05"]
[SourceVersion "1"]
[SourceVersionDate "2008.11.05"]
[SourceQuality "1"]

1. e4 e6 2. d4 d5 3. Nd2 a6 4. Ngf3 c5 5. c3 Nc6 6. Bd3 Nf6 7. 0-0 Be7 8. Re1 cxd4 9. cxd4 dxe4 10. Nxe4 0-0 11. Be3 Nd5 12. a3 Nxe3 13. fxe3 b6 14. Rc1 Bb7 15. Rc3 Rc8 16. Qc2 Na7 17. Rc1 Rxc3 18. Nxc3 g6 19. Qe2 b5 20. Ne4 Bxe4 21. Bxe4 Nc8 22. Qc2 Nd6 23. Bd3 Bg5 24. Kf2 Qf6 25. Qc5 Rc8 26. Qxg5 1-0

[Event "Kuala Lumpur op 5th"]
[Site "Kuala Lumpur"]
[Date "2008.08.22"]
[Round "8"]
[White "Goldenberg, Igor"]
[Black "Lim, Yee Weng"]
[Result "0-1"]
[WhiteElo "2386"]
[BlackElo "2367"]
[PlyCount "106"]
[EventDate "2008.08.18"]
[EventType "swiss"]
[EventRounds "11"]
[EventCountry "MAS"]
[SourceTitle "CBM 126 Extra"]
[Source "ChessBase"]
[SourceDate "2008.11.05"]
[SourceVersion "1"]
[SourceVersionDate "2008.11.05"]
[SourceQuality "1"]

1. c4 c6 2. Nf3 d5 3. d4 Nf6 4. Nc3 e6 5. e3 Nbd7 6. Qc2 Bd6 7. Be2 0-0 8. 0-0 Re8 9. b3 dxc4 10. bxc4 e5 11. Bb2 Qe7 12. Rfe1 e4 13. Nd2 Nf8 14. f3 exf3 15. Bxf3 Ng4 16. Nf1 Qg5 17. e4 Ne6 18. e5 Nxd4 19. exd6 Ne5 20. Rxe5 Nxf3+ 21. Kh1 Nxe5 22. Ng3 Qg6 23. Nce4 Bf5 24. Nxf5 Qxf5 25. c5 Qg6 26. Re1 Rad8 27. Qc3 Ng4 28. Kg1 f5 29. Ng3 Rxe1+ 30. Qxe1 Qe8 31. Qc3 Qe3+ 32. Qxe3 Nxe3 33. Bc1 f4 34. Nh5 Nd5 35. Nxf4 Nxf4 36. Bxf4 h6 37. Kf2 Kf7 38. Ke3 Ke6 39. Ke4 Rf8 40. g4 b6 41. Be3 bxc5 42. Bxc5 a5 43. a4 Rb8 44. h4 g6 45. h5 gxh5 46. gxh5 Rb1 47. Be3 Rb4+ 48. Kd3 Rxa4 49. Bd2 Rh4 50. Bxh6 Rxh5 51. Bf8 Rb5 52. Kc3 a4 53. Kc2 Kd7 0-1

[Event "Kuala Lumpur op 5th"]
[Site "Kuala Lumpur"]
[Date "2008.08.19"]
[Round "4"]
[White "Lim, Yee Weng"]
[Black "Li, Ruofan"]
[Result "1/2-1/2"]
[WhiteElo "2367"]
[BlackElo "2425"]
[PlyCount "55"]
[EventDate "2008.08.18"]
[EventType "swiss"]
[EventRounds "11"]
[EventCountry "MAS"]
[SourceTitle "CBM 126 Extra"]
[Source "ChessBase"]
[SourceDate "2008.11.05"]
[SourceVersion "1"]
[SourceVersionDate "2008.11.05"]
[SourceQuality "1"]

1. e4 c5 2. c3 d5 3. exd5 Qxd5 4. d4 e6 5. Nf3 Nf6 6. Be3 cxd4 7. cxd4 Nc6 8. a3 Be7 9. Nc3 Qd6 10. Bd3 b6 11. 0-0 0-0 12. Qe2 Bb7 13. Rad1 Rad8 14. Rfe1 Rfe8 15. Bb1 Qb8 16. Bg5 g6 17. Ba2 Nh5 18. d5 exd5 19. Rxd5 Bf8 20. Qd2 Rxd5 21. Nxd5 Rxe1+ 22. Qxe1 h6 23. Bd2 Qd8 24. Bc3 Bg7 25. Bxg7 Kxg7 26. Qc3+ Nf6 27. h3 Qd6 28. Ne3 1/2-1/2

[Event "Singapore Masters 4th"]
[Site "Singapore"]
[Date "2007.12.20"]
[Round "8"]
[White "Kuznetsov, Kirill"]
[Black "Lim, Yee Weng"]
[Result "1/2-1/2"]
[WhiteElo "2252"]
[BlackElo "2336"]
[PlyCount "225"]
[EventDate "2007.12.17"]
[EventType "swiss"]
[EventRounds "9"]
[EventCountry "SIN"]
[SourceTitle "CBM 121 Extra"]
[Source "ChessBase"]
[SourceDate "2008.01.10"]
[SourceVersion "1"]
[SourceVersionDate "2008.01.10"]
[SourceQuality "1"]

1. d4 d5 2. c4 c6 3. Nc3 Nf6 4. e3 e6 5. Nf3 Nbd7 6. Qc2 Bd6 7. Bd3 dxc4 8. Bxc4 b5 9. Bd3 Bb7 10. 0-0 0-0 11. e4 e5 12. Bg5 h6 13. Bh4 Re8 14. Rad1 Qb8 15. Ne2 exd4 16. Nexd4 a6 17. Nf5 Bf4 18. g3 Bc7 19. Qc3 c5 20. Bxf6 b4 21. Qb3 Nxf6 22. Bc4 Rxe4 23. Bxf7+ Kh8 24. Bg6 Qg8 25. Bf7 c4 26. Bxg8 cxb3 27. Bxb3 Re2 28. N3d4 Rxb2 29. Ne6 Bb6 30. Rd6 Ba7 31. Nexg7 Rf8 32. Ne6 Re8 33. Ned4 Bxd4 34. Nxd4 Kg7 35. Rc1 Bc8 36. Rc7+ Nd7 37. Nf5+ Kf8 38. Rcxd7 Re1+ 39. Kg2 Bxd7 40. Rxd7 Ke8 41. Rf7 Ree2 42. Nd6+ Kd8 43. Nb7+ Ke8 44. Nd6+ Kd8 45. Nc4 Rb1 46. Ra7 h5 47. h4 Rbe1 48. Rxa6 Re6 49. Ra8+ Kc7 50. Ra7+ Kd8 51. Rh7 Rf6 52. Ne5 Rxe5 53. Rf7 Rxf7 54. Bxf7 Ke7 55. Bc4 Kf6 56. Kf3 Rc5 57. Bg8 Ke5 58. Bf7 Kf6 59. Bb3 Ke5 60. Bf7 Rc6 61. Bxh5 Ra6 62. Ke3 Ra3+ 63. Kd2 Rxa2+ 64. Kd3 Rxf2 65. Kc4 Rb2 66. Bd1 Rd2 67. Bh5 Rd4+ 68. Kb3 Kd6 69. Bg6 Kc5 70. Bf5 Rc4 71. g4 Rc3+ 72. Kb2 Re3 73. h5 Kc4 74. h6 Re2+ 75. Kc1 b3 76. h7 Re8 77. Be6+ Kc3 78. Bxb3 Re1+ 79. Bd1 Rh1 80. g5 Rxh7 81. Bf3 Rh3 82. Bc6 Rg3 83. Kd1 Kd3 84. Bb5+ Ke3 85. Kc2 Rxg5 86. Be8 Kd4 87. Kb3 Rg3+ 88. Kc2 Rd3 89. Bg6 Rc3+ 90. Kb2 Kc4 91. Bf7+ Kb4 92. Bg6 Rb3+ 93. Kc2 Rc3+ 94. Kb2 Rg3 95. Bf5 Rg2+ 96. Ka1 Ka3 97. Kb1 Kb3 98. Kc1 Rb2 99. Be6+ Kc3 100. Kd1 Rd2+ 101. Ke1 Kd3 102. Bf5+ Ke3 103. Be6 Rd6 104. Bf7 Rf6 105. Be8 Rf8 106. Bd7 Rh8 107. Kf1 Rf8+ 108. Ke1 Rf6 109. Be8 Rh6 110. Kd1 Re6 111. Bf7 Rc6 112. Be8 Rc8 113. Bf7 1/2-1/2

[Event "Singapore Masters 4th"]
[Site "Singapore"]
[Date "2007.12.19"]
[Round "6"]
[White "Lim, Yee Weng"]
[Black "Sukandar, Irine Kharisma"]
[Result "0-1"]
[WhiteElo "2336"]
[BlackElo "2275"]
[PlyCount "104"]
[EventDate "2007.12.17"]
[EventType "swiss"]
[EventRounds "9"]
[EventCountry "SIN"]
[SourceTitle "CBM 121 Extra"]
[Source "ChessBase"]
[SourceDate "2008.01.10"]
[SourceVersion "1"]
[SourceVersionDate "2008.01.10"]
[SourceQuality "1"]

1. e4 e5 2. Bc4 Nf6 3. d3 c6 4. Nf3 d5 5. Bb3 Bd6 6. Nc3 dxe4 7. Ng5 0-0 8. Ncxe4 Nxe4 9. Nxe4 a5 10. Qh5 Bb4+ 11. c3 Be7 12. Bc2 a4 13. g4 Bxg4 14. Qxg4 f5 15. Qg2 fxe4 16. Rg1 Rf7 17. Bh6 Bf8 18. Qxe4 Qd5 19. Qh4 Nd7 20. d4 e4 21. f3 Rxf3 22. 0-0-0 Re8 23. Rde1 Rf6 24. Kb1 Kh8 25. Bg5 Rfe6 26. Bxa4 Nb6 27. Bb3 Nc4 28. Bf4 Be7 29. Qg4 Bf6 30. Qe2 b5 31. Be3 Bh4 32. Ref1 Rf6 33. Rxf6 Bxf6 34. Rf1 Qe6 35. Bc2 Qh3 36. Bc1 Nd6 37. Bf4 Nc4 38. Bc1 Nd6 39. Bf4 Nc4 40. Re1 c5 41. Bb3 cxd4 42. cxd4 Bxd4 43. Bxc4 bxc4 44. Qxc4 Qh4 45. Bg3 Qf6 46. Rf1 Qb6 47. b3 Bf6 48. Qf7 Rc8 49. Be5 Qb5 50. Rxf6 Qd3+ 51. Kb2 Qd2+ 52. Ka3 Ra8+ 0-1

[Event "Asian Indoor Games 2nd"]
[Site "Macau"]
[Date "2007.10.30"]
[Round "5"]
[White "Gundavaa, Bayarsaihan"]
[Black "Lim, Yee Weng"]
[Result "1/2-1/2"]
[WhiteElo "2274"]
[BlackElo "2336"]
[PlyCount "64"]
[EventDate "2007.10.28"]
[EventType "team"]
[EventRounds "6"]
[EventCountry "CHN"]
[SourceTitle "EXT 2008"]
[Source "ChessBase"]
[SourceDate "2007.11.25"]
[SourceVersion "1"]
[SourceVersionDate "2007.11.25"]
[SourceQuality "1"]

1. d4 d5 2. c4 c6 3. Nf3 Nf6 4. Nc3 e6 5. e3 Nbd7 6. Qc2 Bd6 7. g4 dxc4 8. Bxc4 b6 9. g5 Nd5 10. Ne4 Be7 11. Bd2 Bb7 12. Ng3 Nb4 13. Qb3 c5 14. e4 0-0 15. h4 Nc6 16. d5 exd5 17. Bxd5 c4 18. Bxc4 Nde5 19. Nxe5 Nxe5 20. Be2 Nc6 21. Rd1 Nd4 22. Qd3 Nxe2 23. Qxe2 Qc8 24. Nf5 Re8 25. Nxe7+ Rxe7 26. f3 Ba6 27. Qe3 Qc2 28. Bc3 Rc8 29. Qd2 Rxe4+ 30. fxe4 Qxe4+ 31. Kf2 Bb7 32. Rh2 Qf5+ 1/2-1/2

[Event "Asian Indoor Games 2nd"]
[Site "Macau"]
[Date "2007.10.29"]
[Round "4"]
[White "Lim, Yee Weng"]
[Black "Toufighi, Homayoon"]
[Result "0-1"]
[WhiteElo "2336"]
[BlackElo "2385"]
[PlyCount "57"]
[EventDate "2007.10.28"]
[EventType "team"]
[EventRounds "6"]
[EventCountry "CHN"]
[SourceTitle "EXT 2008"]
[Source "ChessBase"]
[SourceDate "2007.11.25"]
[SourceVersion "1"]
[SourceVersionDate "2007.11.25"]
[SourceQuality "1"]

1. e4 e6 2. d4 d5 3. Nd2 c5 4. exd5 Qxd5 5. Ngf3 cxd4 6. Bc4 Qd6 7. Qe2 Nf6 8. Nb3 Nc6 9. Bg5 a6 10. 0-0-0 b5 11. Bd3 Be7 12. Kb1 Bb7 13. Nbxd4 Nxd4 14. Nxd4 Qc5 15. Nf3 Rd8 16. h4 h6 17. Bc1 Nd5 18. Rhe1 Bf6 19. Ne5 0-0 20. c3 Bxe5 21. Qxe5 Qxf2 22. Rf1 Qxh4 23. Rh1 Qg4 24. Qe1 Nf4 25. Bxf4 Qxf4 26. Rh4 Qg5 27. Bc2 Rxd1+ 28. Bxd1 Rd8 29. a4 0-1

[Event "Asian Indoor Games 2nd"]
[Site "Macau"]
[Date "2007.10.28"]
[Round "2"]
[White "Lim, Yee Weng"]
[Black "Ismagambetov, Anuar"]
[Result "1-0"]
[WhiteElo "2336"]
[BlackElo "2479"]
[PlyCount "45"]
[EventDate "2007.10.28"]
[EventType "team"]
[EventRounds "6"]
[EventCountry "CHN"]
[SourceTitle "EXT 2008"]
[Source "ChessBase"]
[SourceDate "2007.11.25"]
[SourceVersion "1"]
[SourceVersionDate "2007.11.25"]
[SourceQuality "1"]

1. e4 c5 2. c3 Nf6 3. e5 Nd5 4. Nf3 e6 5. d4 cxd4 6. cxd4 b6 7. Nc3 Nxc3 8. bxc3 Qc7 9. Bd2 Be7 10. Bd3 Ba6 11. Bxa6 Nxa6 12. Qe2 Qb7 13. 0-0 0-0 14. Bg5 Ba3 15. Rad1 Rfc8 16. Nd2 d5 17. exd6 Bxd6 18. Ne4 Ba3 19. Rd3 Be7 20. Rg3 Nb8 21. Bf6 g6 22. Qh5 Qd5 23. Ng5 1-0

[Event "Kuala Lumpur op 4th"]
[Site "Kuala Lumpur"]
[Date "2007.08.25"]
[Round "10"]
[White "Sadorra, Julio Catalino"]
[Black "Lim, Yee Weng"]
[Result "1-0"]
[WhiteElo "2421"]
[BlackElo "2336"]
[PlyCount "79"]
[EventDate "2007.08.20"]
[EventType "swiss"]
[EventRounds "11"]
[EventCountry "MAS"]
[SourceTitle "CBM 120 Extra"]
[Source "ChessBase"]
[SourceDate "2007.11.01"]
[SourceVersion "1"]
[SourceVersionDate "2007.11.01"]
[SourceQuality "1"]

1. Nf3 d5 2. d4 Nf6 3. c4 c6 4. e3 e6 5. Bd3 Nbd7 6. b3 Bd6 7. Bb2 0-0 8. Nbd2 b6 9. 0-0 Bb7 10. Ne5 c5 11. cxd5 exd5 12. f4 Ne4 13. Nxe4 dxe4 14. Bc4 Nf6 15. Qe2 Qe7 16. dxc5 Bxc5 17. Ng4 Nxg4 18. Qxg4 g6 19. Rae1 Rad8 20. f5 Bd5 21. Qh3 f6 22. fxg6 hxg6 23. Qg3 Kg7 24. Rxf6 Rxf6 25. Rf1 Bxc4 26. Rxf6 Bf7 27. Re6+ Kf8 28. Rxe7 Bxe7 29. Bd4 Rc8 30. Qe5 Ke8 31. Qxe4 Kd7 32. h4 Rc6 33. g3 Bd6 34. g4 Rc8 35. Be5 Rc1+ 36. Kg2 Rc5 37. Qa4+ Ke6 38. Bxd6 Kxd6 39. Qxa7 Bd5+ 40. Kg3 1-0